000 00467nam a2200193Ia 4500
005 20250423100710.0
008 250422s9999 xx 000 0 und d
020 _a9781133049845
050 _aBF 121 .R38/
100 _aRathus, Spencer A.
245 0 _aPsychology: concept and connection
250 _a9th ed.
260 _aWadsworth
260 _bCengage Learning
260 _c2013
300 _a609 p
650 _a Psychology--Textbooks.
942 _cBK
999 _c34098
_d34098